[Event "Silver Lake Open-A 2019"]
[Site "Veliko Gradiste"]
[Date "2019.06.17"]
[Round "3.5"]
[White "Ninov, Dayan"]
[Black "Radovanovic, Mihajlo"]
[Result "0-1"]
[WhiteElo "2288"]
[BlackElo "2483"]
[Annotator "TA"]
[PlyCount "110"]
[EventDate "2019.06.16"]
[EventType "swiss"]
[EventCountry "SRB"]
[SourceTitle "playchess.com"]
[Source "ChessBase"]
[SourceQuality "1"]

{[%evp 9,110,0,0,-4,10,-15,-20,-11,8,7,6,-3,0,-3,-3,-6,-3,-3,-3,-3,-3,-16,0,0,0,-4,31,20,94,92,98,61,58,47,104,46,41,39,48,48,53,53,73,37,39,0,100,39,55,33,33,31,31,31,31,24,31,31,31,31,31,31,39,31,31,31,31,31,31,31,122,31,31,31,31,31,39,39,39,0,0,0,0,0,72,-42,-24,-179,-170,-172,-169,-129,-112,-127,-110,-625,-594,-1301,-1303,-1060,-620,-1046,-970]} 1. e4 c5 2. Nf3 d6 3. c4 e5 4. Nc3 g6 (4... Nc6 5. g3 g6 6. h4 h5 7. d3 Bh6 8. Bh3 Bxh3 9. Rxh3 Bxc1 10. Qxc1 Nf6 11. Rh1 Nd4 12. Nxd4 cxd4 {½-½ (72) Laznicka,V (2661)-Neuman,P (2420) Prague 2016}) 5. d3 Bg7 6. Nd5 {B50: Sicilian: 2...d6, Miscellaneous} h6 7. h4 (7. a3 {feels hotter.} Ne7 8. Be2 O-O 9. O-O b6 10. b4) 7... Ne7 $146 ({Predecessor:} 7... Nf6 8. Nxf6+ Qxf6 9. Be3 Nc6 10. Be2 Qe7 11. h5 g5 12. Nh2 {½-½ (36) Kisadere,K (1813)-Aydin,E (1962) Antalya 2018}) 8. h5 {The position is equal.} Nxd5 9. cxd5 g5 10. Nd2 f5 11. Qa4+ Bd7 12. Qb3 Qc7 13. Be2 O-O 14. a4 Na6 15. Nc4 f4 16. Qd1 Nb4 17. Bd2 {[#]} f3 $1 {[%mdl 512]} 18. gxf3 (18. Bxf3 Nxd3+) 18... b5 (18... a5 $11) 19. axb5 $16 Bxb5 20. Kf1 a5 21. b3 Ra6 (21... Ra7 $14) 22. Bc3 (22. Na3 $1 $16 {[%cal Ra3b5]} Bd7 23. d4 $1 {[%mdl 512]}) 22... Rfa8 $14 23. Nb2 Qf7 24. Kg2 Rf8 25. Be1 Bf6 26. Rh3 Qd7 27. Rh1 Rf7 (27... Qf7 $1 $11) 28. Na4 (28. Nc4 $16) 28... Qb7 29. Nc3 Bd7 30. Ra3 Ra8 31. Nb1 Bd8 32. Nd2 Bc7 33. Nc4 Kh7 34. Bd2 Bb5 35. Rh3 Rg7 36. Kf1 Bd7 37. Rg3 Qc8 38. Kg2 Qe8 39. Ra1 Qf7 ({Black should play} 39... Rg8 $14) 40. Ne3 (40. d4 $16 {aiming for dxc5.} exd4 41. Bxb4 cxb4 42. e5 (42. Qxd4 Qf8 $16)) 40... Rf8 ({But not} 40... Qxh5 $2 41. f4 $1 $18 {[%mdl 512]}) 41. Be1 Qe8 ({Of course not} 41... Qxh5 $6 42. f4 $1 $16 {[%mdl 512]}) 42. Ng4 Qc8 43. Qc1 Bb5 44. Qd1 (44. Ne3 {is interesting.} Rgf7 45. Qd1 Kg8 46. Bc3 Rh7 47. Rh3) 44... Qa6 {[%cal Rb5d3]} 45. Bxb4 cxb4 46. Ne3 Rf4 (46... Bb6 $11 {remains equal.}) 47. Nc4 (47. Nf5 $16) 47... Qa7 48. Qd2 $2 {[#]} (48. d4 $11) 48... Bxc4 $1 $19 49. dxc4 {[#]} Bb6 $1 50. Rf1 Bd4 51. Bd1 Rh4 52. Rg1 $2 {[%mdl 8192] [#]} (52. Qa2 $17) 52... Bxf2 $1 {[%mdl 512] Black is clearly winning.} 53. Rf1 (53. Qxf2 Rh2+) 53... Bxg3 54. Kxg3 Rxh5 55. Rf2 Rf7 {Accuracy: White = 40%, Black = 50%.} 0-1

[Event "Silver Lake Open-A 2019"]
[Site "Veliko Gradiste"]
[Date "2019.06.17"]
[Round "3.6"]
[White "Pesotskiy, Mikhail"]
[Black "Pikula, Dejan"]
[Result "0-1"]
[WhiteElo "2282"]
[BlackElo "2468"]
[Annotator "RC"]
[PlyCount "126"]
[EventDate "2019.06.16"]
[EventType "swiss"]
[EventCountry "SRB"]
[SourceTitle "playchess.com"]
[Source "ChessBase"]
[SourceQuality "1"]
[TimeControl "40/5400+30:900+30"]

1. d4 {[%emt 0:00:00]} Nf6 {[%emt 0:00:00]} 2. c4 {[%emt 0:00:00]} c5 {[%emt 0:00:00]} 3. d5 {[%emt 0:00:00]} g6 {[%emt 0:00:14]} 4. Nc3 {[%emt 0:00:17]} Bg7 {[%emt 0:00:05]} 5. e4 {[%emt 0:00:51]} d6 {[%emt 0:00:05]} 6. Bd3 {[%emt 0:02:41]} O-O {[%emt 0:00:08]} 7. h3 {[%emt 0:00:43]} e6 {[%emt 0:00:06]} 8. Nf3 {[%emt 0:00:07]} exd5 {[%emt 0:00:05]} 9. cxd5 {[%emt 0:00:04]} a6 {[%emt 0:02:12]} 10. a4 {[%emt 0:01:10]} Nbd7 {[%emt 0:00:05]} 11. O-O {[%emt 0:00:39]} Nh5 {[%emt 0:00:46]} 12. g4 {[%emt 0:10:48]} Nhf6 {[%emt 0:01:22]} 13. Bf4 {[%emt 0:00:10]} Ne8 {[%emt 0:00:10]} 14. Qd2 {[%emt 0:06:00]} Qe7 {[%emt 0:00:35]} 15. Rfe1 {[%emt 0:03:31]} Rb8 {[%emt 0:00:23]} 16. Bh6 {[%emt 0:03:39]} Bxh6 {[%emt 0:02:11]} 17. Qxh6 {[%emt 0:00:07]} f6 {[%emt 0:00:13]} 18. Kg2 {[%emt 0:08:07]} Ne5 {[%emt 0:01:54]} 19. Nxe5 {[%emt 0:00:05]} fxe5 {[%emt 0:00:29]} 20. Rf1 {[%emt 0:01:24]} Qf6 {[%emt 0:01:01]} 21. f3 {[%emt 0:00:29]} Bd7 {[%emt 0:00:17]} 22. Be2 {[%emt 0:29:47]} Rf7 {[%emt 0:04:17]} 23. Qe3 {[%emt 0:06:25]} Ng7 {[%emt 0:01:04]} 24. Rfb1 {[%emt 0:01:14]} Rc8 {[%emt 0:07:32]} 25. Qh6 {[%emt 0:03:59]} Rc7 {[%emt 0:02:25]} 26. Ra3 {[%emt 0:01:49]} Qd8 {[%emt 0:01:03]} 27. Rb3 {[%emt 0:05:58]} Bc8 {[%emt 0:03:24]} 28. Rb6 {[%emt 0:00:50]} Rf4 {[%emt 0:02:17]} 29. a5 {[%emt 0:01:56]} Ne8 {[%emt 0:08:27]} 30. b3 {[%emt 0:04:12]} Nf6 {[%emt 0:00:16]} 31. Nd1 {[%emt 0:01:01]} Kh8 {[%emt 0:02:36]} 32. Qh4 {[%emt 0:00:34]} Qf8 {[%emt 0:00:11]} 33. Rc1 {[%emt 0:01:57]} g5 {[%emt 0:06:28]} 34. Qe1 {[%emt 0:00:41]} h5 {[%emt 0:00:17]} 35. b4 {[%emt 0:02:56]} Nd7 {[%emt 0:01:00]} 36. Nf2 {[%emt 0:02:08]} c4 {[%emt 0:01:23]} 37. Qc3 {[%emt 0:01:23]} Nxb6 {[%emt 0:00:49]} 38. axb6 {[%emt 0:00:02]} Rcf7 {[%emt 0:00:05]} 39. Qxc4 {[%emt 0:00:04]} Bd7 {[%emt 0:00:05]} 40. Nd3 {[%emt 0:00:00]} Rxf3 {[%emt 0:00:00]} 41. Bxf3 {[%emt 0:01:35]} Rxf3 {[%emt 0:01:15]} 42. Qc2 {[%emt 0:02:08]} hxg4 {[%emt 0:01:50]} 43. hxg4 {[%emt 0:00:04]} Bxg4 {[%emt 0:00:18]} 44. Rh1+ {[%emt 0:14:39]} Kg7 {[%emt 0:01:31]} 45. Nf2 {[%emt 0:00:34]} Rf4 {[%emt 0:03:47]} 46. Rh2 {[%emt 0:00:39]} Bf3+ {[%emt 0:03:21]} 47. Kg1 {[%emt 0:00:16]} g4 {[%emt 0:02:04]} 48. Nd3 {[%emt 0:00:04]} Rf6 {[%emt 0:01:52]} 49. Qc7+ {[%emt 0:00:32]} Rf7 {[%emt 0:00:19]} 50. Qc1 {[%emt 0:00:04]} Kg6 {[%emt 0:03:51]} 51. Qe1 {[%emt 0:00:27]} Rh7 {[%emt 0:00:55]} 52. Rxh7 {[%emt 0:00:22]} Kxh7 {[%emt 0:00:02]} 53. Qh4+ {[%emt 0:00:15]} Kg6 {[%emt 0:00:04]} 54. Qg3 {[%emt 0:01:55]} Qd8 {[%emt 0:01:06]} 55. Nf2 {[%emt 0:00:35]} Qxb6 {[%emt 0:00:16]} 56. Kh2 {[%emt 0:00:03]} Kh5 {[%emt 0:00:44]} 57. Kg1 {[%emt 0:00:57]} Qe3 {[%emt 0:00:29]} 58. Qh2+ {[%emt 0:00:23]} Kg5 {[%emt 0:00:30]} 59. Qg3 {[%emt 0:00:03]} Qe1+ {[%emt 0:01:59]} 60. Kh2 {[%emt 0:00:05]} Kh5 {[%emt 0:02:59]} 61. Qg1 {[%emt 0:00:53]} Qxg1+ {[%emt 0:00:47]} 62. Kxg1 {[%emt 0:00:05]} g3 {[%emt 0:00:05]} 63. Nh1 {[%emt 0:00:25]} Kg4 {[%emt 0:00:08]} 0-1

[Event "Silver Lake Open-A 2019"]
[Site "Veliko Gradiste"]
[Date "2019.06.18"]
[Round "4.2"]
[White "Georgiev, Kiril"]
[Black "Markovic, Zoran S"]
[Result "1/2-1/2"]
[WhiteElo "2591"]
[BlackElo "2334"]
[Annotator "TA"]
[PlyCount "101"]
[EventDate "2019.06.16"]
[EventType "swiss"]
[EventCountry "SRB"]
[SourceTitle "playchess.com"]
[Source "ChessBase"]
[SourceQuality "1"]

{[%evp 18,101,21,22,43,29,20,31,27,40,37,29,35,50,55,11,26,23,22,13,12,11,20,0,11,11,0,0,8,0,10,0,8,0,0,0,0,0,31,31,33,26,32,23,27,25,46,28,76,78,72,70,76,65,65,64,85,78,122,94,123,92,177,71,87,67,75,61,67,63,67,61,70,59,66,59,66,66,68,52,69,66,74,76,79,92]} 1. d4 d5 2. c4 e6 3. Nc3 Nf6 4. Nf3 Be7 5. Bf4 O-O 6. e3 c5 7. dxc5 Bxc5 8. a3 $146 ({Predecessor:} 8. Qc2 Nc6 9. Rd1 Qa5 {½-½ (42) Aronian,L (2764)-Nakamura,H (2769) Stavanger 2018}) 8... Nc6 9. Qc2 Qa5 10. Rd1 Re8 {D37: Queen's Gambit Declined: 5 Bf4} 11. Nd2 {aiming for Nb3.} e5 12. Bg5 Nd4 $1 {[%cal Rd4c2] White is slightly better.} 13. Qb1 {[#] Black must now prevent Bxf6.} ({Much weaker is} 13. exd4 exd4+ 14. Be2 (14. Ne2 $2 Ng4 $19) 14... dxc3 $17) 13... Bf5 14. Bd3 Bxd3 $1 15. Qxd3 {Bxf6 is the strong threat.} Ne4 $1 ({But not} 15... e4 $2 16. Qb1 $18) 16. Nxd5 ({And not} 16. exd4 exd4 17. O-O dxc3 $17) 16... Nxg5 17. b4 Qd8 $1 18. bxc5 {And now h4 would win.} Nde6 19. O-O Nxc5 20. Qf5 f6 21. Qb1 Nge6 22. Qb4 Qc8 23. Nb1 Qc6 24. Nbc3 Rad8 25. Rd2 Rd7 26. Rfd1 Kh8 27. h3 Rc8 28. Nb5 b6 29. Qb1 {Strongly threatening Nb4.} Rcd8 30. Nb4 Rxd2 31. Rxd2 Qa8 32. Rd5 a5 33. Rxd8+ Qxd8 34. Nd5 Nd7 35. Nbc3 Nec5 36. Qb5 h6 37. Qc6 Qb8 38. Nb5 Kh7 39. Nbc7 Kh8 (39... e4 $16 {keeps fighting.}) 40. Qd6 (40. Ne6 $18) 40... Kh7 41. Qe7 {White wants to mate with Ne8!} Qf8 $1 42. Qxf8 Nxf8 43. Nxb6 $16 {[%mdl 4096] Endgame KNN-KNN} Kg6 44. Kf1 Kf7 45. Nbd5 Nfe6 46. Nb5 Ke8 47. Ke2 Kd7 48. f3 Kc6 49. Kd2 Na4 {[#]} 50. Kc2 $1 Kd7 51. Nbc3 {Accuracy: White = 53%, Black = 60%.} 1/2-1/2

[Event "Silver Lake Open-A 2019"]
[Site "Veliko Gradiste"]
[Date "2019.06.18"]
[Round "4.3"]
[White "Zakhartsov, Viacheslav V."]
[Black "Yu, Jennifer"]
[Result "1-0"]
[WhiteElo "2518"]
[BlackElo "2369"]
[Annotator "ChessBase"]
[PlyCount "105"]
[EventDate "2019.06.16"]
[EventType "swiss"]
[EventCountry "SRB"]
[SourceTitle "playchess.com"]
[Source "ChessBase"]
[SourceQuality "1"]
[TimeControl "40/5400+30:900+30"]

1. d4 {[%emt 0:00:00]} d5 {[%emt 0:00:00]} 2. c4 {[%emt 0:00:00]} c6 {[%emt 0:00:00]} 3. Nf3 {[%emt 0:00:00]} Nf6 {[%emt 0:00:00]} 4. Nc3 {[%emt 0:00:00]} dxc4 {[%emt 0:00:00]} 5. a4 {[%emt 0:00:00]} Bf5 {[%emt 0:00:00]} 6. Ne5 {[%emt 0:00:04]} Nbd7 {[%emt 0:00:06]} 7. Nxc4 {[%emt 0:00:07]} Qc7 {[%emt 0:00:09]} 8. g3 {[%emt 0:00:20]} e5 {[%emt 0:00:08]} 9. dxe5 {[%emt 0:00:05]} Nxe5 {[%emt 0:00:05]} 10. Bf4 {[%emt 0:00:08]} Nfd7 {[%emt 0:00:06]} 11. Bg2 {[%emt 0:00:16]} g5 {[%emt 0:00:17]} 12. Ne3 {[%emt 0:00:14]} gxf4 {[%emt 0:00:13]} 13. Nxf5 {[%emt 0:00:04]} O-O-O {[%emt 0:00:16]} 14. Qc2 {[%emt 0:00:08]} Nc5 {[%emt 0:02:02]} 15. O-O {[%emt 0:02:09]} fxg3 {[%emt 0:00:10]} 16. hxg3 {[%emt 0:00:05]} a5 {[%emt 0:00:07]} 17. Rfd1 {[%emt 0:00:40]} h5 {[%emt 0:00:16]} 18. e3 {[%emt 0:03:35]} Ng6 {[%emt 0:03:33]} 19. Rd4 {[%emt 0:01:04]} h4 {[%emt 0:09:14]} 20. Nxh4 {[%emt 0:02:09]} Nxh4 {[%emt 0:10:00]} 21. Rxh4 {[%emt 0:00:06]} Rxh4 {[%emt 0:00:29]} 22. gxh4 {[%emt 0:00:04]} Qe5 {[%emt 0:06:07]} 23. Rd1 {[%emt 0:07:56]} Bd6 24. Kf1 {[%emt 0:04:58]} Rh8 {[%emt 0:06:18]} 25. Ne2 Rxh4 {[%emt 0:12:55]} 26. Nd4 {[%emt 0:03:31]} Rh8 {[%emt 0:00:23]} 27. Qc4 {[%emt 0:03:22]} Qf6 {[%emt 0:07:54]} 28. b4 {[%emt 0:14:28]} axb4 {[%emt 0:03:32]} 29. a5 {[%emt 0:01:10]} Rh4 {[%emt 0:18:03]} 30. a6 {[%emt 0:13:28]} bxa6 {[%emt 0:04:45]} 31. Qxb4 {[%emt 0:05:56]} Ne4 {[%emt 0:14:51]} 32. Qb2 {[%emt 0:04:28]} Ng3+ {[%emt 0:02:51]} 33. Kg1 {[%emt 0:10:02]} Nf5 {[%emt 0:00:05]} 34. Bxc6 {[%emt 0:01:59]} Bh2+ {[%emt 0:00:59]} 35. Kg2 {[%emt 0:03:25]} Qg7+ {[%emt 0:00:30]} 36. Kf1 {[%emt 0:00:13]} Qg1+ {[%emt 0:00:10]} 37. Ke2 {[%emt 0:00:06]} Nxd4+ {[%emt 0:00:29]} 38. Rxd4 {[%emt 0:05:54]} Rxd4 {[%emt 0:00:07]} 39. Qxd4 {[%emt 0:00:03]} Kc7 {[%emt 0:00:11]} 40. Qd7+ {[%emt 0:00:00]} Kb6 {[%emt 0:00:00]} 41. Be4 {[%emt 0:01:16]} Qg5 {[%emt 0:04:16]} 42. Qxf7 {[%emt 0:04:25]} Qb5+ {[%emt 0:00:14]} 43. Kf3 {[%emt 0:02:07]} Bc7 {[%emt 0:01:40]} 44. Qe6+ {[%emt 0:01:22]} Ka7 {[%emt 0:00:22]} 45. Bd5 {[%emt 0:05:00]} Qf1 {[%emt 0:04:07]} 46. Bc4 {[%emt 0:05:31]} Qd1+ {[%emt 0:06:32]} 47. Kg2 {[%emt 0:00:06]} Qa1 {[%emt 0:00:44]} 48. f4 {[%emt 0:01:59]} Bb6 {[%emt 0:02:24]} 49. Qe7+ {[%emt 0:01:12]} Kb8 {[%emt 0:00:07]} 50. Bd5 {[%emt 0:00:56]} Qb2+ {[%emt 0:01:18]} 51. Kf3 {[%emt 0:00:53]} Kc8 {[%emt 0:00:19]} 52. Qb7+ {[%emt 0:01:17]} Kd8 {[%emt 0:00:10]} 53. Bc6 {[%emt 0:00:28]} 1-0

[Event "Silver Lake Open-A 2019"]
[Site "Veliko Gradiste"]
[Date "2019.06.18"]
[Round "4.4"]
[White "Rajkovic, Mladen"]
[Black "Savic, Miodrag R"]
[Result "0-1"]
[WhiteElo "2360"]
[BlackElo "2503"]
[Annotator "ChessBase"]
[PlyCount "154"]
[EventDate "2019.06.16"]
[EventType "swiss"]
[EventCountry "SRB"]
[SourceTitle "playchess.com"]
[Source "ChessBase"]
[SourceQuality "1"]
[TimeControl "40/5400+30:900+30"]

1. e4 d5 2. exd5 Qxd5 3. Nc3 Qa5 4. d4 c6 5. Nf3 Nf6 6. Bc4 Bf5 7. Bd2 Nbd7 8. O-O Qc7 9. Nh4 Bg6 10. f4 Nb6 11. Bb3 Qd7 12. Qe1 Bf5 13. Qe5 g6 14. Rae1 Bg7 15. Nxf5 gxf5 16. Kh1 Rd8 17. Bc1 Kf8 18. Qa5 Nc8 19. Ne2 b6 20. Qa4 Nd6 21. Ng1 Nfe4 22. Nf3 c5 23. Qxd7 Rxd7 24. Ne5 Rc7 25. c3 cxd4 26. cxd4 e6 27. d5 Ke7 28. g4 Rhc8 29. gxf5 exf5 30. Be3 Kf8 31. Re2 Re8 32. Nc6 Nf6 33. Rfe1 Ng4 34. Bd2 a5 35. Bc3 Bxc3 36. bxc3 Nf2+ 37. Kg2 Rxe2 38. Rxe2 Nfe4 39. Re3 Rc8 40. a4 Kg7 41. Bd1 Nc4 42. Rh3 Re8 43. Nd4 Ned6 44. Kf2 Re4 45. Bf3 Re3 46. Rg3+ Kf6 47. Bg2 Rxg3 48. hxg3 Nb2 49. Ke3 Nxa4 50. Kd3 Nc5+ 51. Kc2 Nce4 52. Bxe4 Nxe4 53. Kd3 h5 54. Kc4 Nxg3 55. d6 h4 56. Kd5 Ne4 57. d7 Ke7 58. Nxf5+ Kxd7 59. Kxe4 a4 60. Nd4 a3 61. c4 a2 62. Nb3 Ke6 63. c5 bxc5 64. Nxc5+ Kd6 65. Nb3 f5+ 66. Kf3 Kd5 67. Kg2 Kc4 68. Na1 Kc3 69. Kh3 Kb2 70. Kxh4 Kxa1 71. Kg5 Kb2 72. Kxf5 a1=Q 73. Ke6 Qa6+ 74. Ke5 Qa8 75. f5 Qe8+ 76. Kf6 Qf8+ 77. Kg6 Kc3 0-1

[Event "Silver Lake Open-A 2019"]
[Site "Veliko Gradiste"]
[Date "2019.06.18"]
[Round "4.5"]
[White "Radovanovic, Mihajlo"]
[Black "Yordanov, Lachezar"]
[Result "1-0"]
[WhiteElo "2483"]
[BlackElo "2302"]
[Annotator "ChessBase"]
[PlyCount "75"]
[EventDate "2019.06.16"]
[EventType "swiss"]
[EventCountry "SRB"]
[SourceTitle "playchess.com"]
[Source "ChessBase"]
[SourceQuality "1"]
[TimeControl "40/5400+30:900+30"]

1. Nf3 {[%emt 0:00:00]} d5 {[%emt 0:00:00]} 2. d4 {[%emt 0:00:13]} Nf6 {[%emt 0:00:00]} 3. c4 {[%emt 0:00:06]} e6 {[%emt 0:00:12]} 4. Nc3 {[%emt 0:00:08]} Be7 {[%emt 0:00:35]} 5. Bg5 {[%emt 0:00:46]} O-O {[%emt 0:00:13]} 6. e3 {[%emt 0:00:34]} c6 {[%emt 0:00:18]} 7. Bd3 {[%emt 0:07:45]} dxc4 {[%emt 0:00:15]} 8. Bxc4 {[%emt 0:00:07]} b5 {[%emt 0:00:06]} 9. Bd3 {[%emt 0:01:07]} a6 {[%emt 0:00:07]} 10. Qc2 {[%emt 0:04:44]} h6 {[%emt 0:00:39]} 11. Bxf6 {[%emt 0:00:19]} Bxf6 {[%emt 0:00:05]} 12. Ne4 {[%emt 0:00:08]} Be7 {[%emt 0:01:10]} 13. O-O {[%emt 0:00:15]} Bb7 {[%emt 0:01:10]} 14. Ne5 {[%emt 0:09:22]} Qd5 {[%emt 0:01:38]} 15. Nc5 {[%emt 0:01:53]} Bxc5 {[%emt 0:03:48]} 16. Bh7+ {[%emt 0:00:17]} Kh8 {[%emt 0:00:12]} 17. Be4 {[%emt 0:00:02]} Qd8 {[%emt 0:00:57]} 18. dxc5 {[%emt 0:02:34]} Qc7 {[%emt 0:00:39]} 19. Qc3 {[%emt 0:06:25]} Nd7 {[%emt 0:01:22]} 20. Nxd7 {[%emt 0:00:17]} Qxd7 {[%emt 0:00:06]} 21. Rad1 {[%emt 0:00:13]} Qe7 {[%emt 0:04:03]} 22. Rd6 {[%emt 0:00:36]} Rac8 {[%emt 0:00:12]} 23. Rfd1 {[%emt 0:00:25]} Rc7 {[%emt 0:00:07]} 24. Qd2 {[%emt 0:12:15]} f5 {[%emt 0:01:20]} 25. Bc2 {[%emt 0:01:24]} Bc8 {[%emt 0:01:03]} 26. e4 {[%emt 0:01:26]} Kh7 {[%emt 0:16:28]} 27. e5 {[%emt 0:11:56]} Rf7 {[%emt 0:03:19]} 28. b4 {[%emt 0:04:25]} Rd7 {[%emt 0:02:04]} 29. Qe3 {[%emt 0:02:00]} Rxd6 {[%emt 0:00:50]} 30. cxd6 {[%emt 0:01:15]} Qa7 {[%emt 0:00:32]} 31. Qxa7 {[%emt 0:02:07]} Rxa7 {[%emt 0:00:02]} 32. Rd3 {[%emt 0:01:19]} Bd7 {[%emt 0:00:13]} 33. Ra3 {[%emt 0:00:12]} Kg8 {[%emt 0:00:15]} 34. f4 {[%emt 0:00:23]} g5 {[%emt 0:01:04]} 35. Kf2 {[%emt 0:01:47]} gxf4 {[%emt 0:01:49]} 36. Kf3 {[%emt 0:00:08]} Kf7 {[%emt 0:00:06]} 37. Kxf4 {[%emt 0:00:04]} Ra8 {[%emt 0:00:12]} 38. Bd1 {[%emt 0:00:21]} 1-0

[Event "Silver Lake Open-A 2019"]
[Site "Veliko Gradiste"]
[Date "2019.06.18"]
[Round "4.6"]
[White "Pikula, Dejan"]
[Black "Van Dael, Siem"]
[Result "0-1"]
[WhiteElo "2468"]
[BlackElo "2290"]
[Annotator "ChessBase"]
[PlyCount "64"]
[EventDate "2019.06.16"]
[EventType "swiss"]
[EventCountry "SRB"]
[SourceTitle "playchess.com"]
[Source "ChessBase"]
[SourceQuality "1"]
[TimeControl "40/5400+30:900+30"]

1. d4 {[%emt 0:00:00]} Nf6 {[%emt 0:00:00]} 2. Nf3 {[%emt 0:00:00]} g6 {[%emt 0:00:00]} 3. e3 {[%emt 0:00:00]} Bg7 {[%emt 0:00:02]} 4. Be2 {[%emt 0:00:00]} O-O {[%emt 0:00:16]} 5. O-O {[%emt 0:00:00]} d6 {[%emt 0:00:17]} 6. c4 {[%emt 0:00:01]} Nbd7 {[%emt 0:00:19]} 7. Nc3 {[%emt 0:00:10]} e5 {[%emt 0:00:35]} 8. Qc2 {[%emt 0:00:18]} Re8 {[%emt 0:02:22]} 9. b3 {[%emt 0:04:01]} exd4 {[%emt 0:06:17]} 10. exd4 {[%emt 0:02:56]} Nf8 {[%emt 0:03:49]} 11. h3 {[%emt 0:02:07]} Bf5 {[%emt 0:03:39]} 12. Bd3 {[%emt 0:00:17]} Bxd3 {[%emt 0:00:48]} 13. Qxd3 {[%emt 0:00:05]} d5 {[%emt 0:01:22]} 14. Bf4 {[%emt 0:00:14]} c6 {[%emt 0:08:24]} 15. Rfe1 {[%emt 0:01:06]} Qa5 {[%emt 0:03:09]} 16. Rab1 {[%emt 0:07:23]} Rad8 {[%emt 0:10:52]} 17. c5 {[%emt 0:01:38]} Rxe1+ {[%emt 0:04:36]} 18. Nxe1 {[%emt 0:00:57]} Re8 {[%emt 0:09:29]} 19. b4 {[%emt 0:02:09]} Qd8 {[%emt 0:00:07]} 20. b5 {[%emt 0:00:24]} Ne6 {[%emt 0:01:13]} 21. Be3 {[%emt 0:04:02]} Ne4 {[%emt 0:02:57]} 22. Ne2 {[%emt 0:00:35]} Qa5 {[%emt 0:08:28]} 23. bxc6 {[%emt 0:06:18]} bxc6 {[%emt 0:00:07]} 24. Qc2 {[%emt 0:00:36]} f5 {[%emt 0:05:12]} 25. Nd3 {[%emt 0:00:09]} g5 {[%emt 0:02:34]} 26. Rb4 {[%emt 0:02:52]} f4 {[%emt 0:00:42]} 27. Bc1 Rf8 {[%emt 0:04:34]} 28. f3 {[%emt 0:00:39]} Ng3 {[%emt 0:03:39]} 29. Bb2 Re8 {[%emt 0:00:06]} 30. Nxg3 {[%emt 0:07:43]} fxg3 31. Ra4 {[%emt 0:08:38]} Qb5 {[%emt 0:10:08]} 32. Ra5 {[%emt 0:04:40]} Qxa5 {[%emt 0:05:00]} 0-1

[Event "Silver Lake Open-A 2019"]
[Site "Veliko Gradiste"]
[Date "2019.06.18"]
[Round "4.7"]
[White "Lajthajm, Borko"]
[Black "Pimpalkhare Vedant"]
[Result "1/2-1/2"]
[WhiteElo "2433"]
[BlackElo "2067"]
[Annotator "NA"]
[PlyCount "24"]
[EventDate "2019.06.16"]
[EventType "swiss"]
[EventCountry "SRB"]
[SourceTitle "playchess.com"]
[Source "ChessBase"]
[SourceQuality "1"]
[TimeControl "40/5400+30:900+30"]

1. e4 e6 2. d4 d5 3. Nd2 c5 4. exd5 exd5 5. Bb5+ Nc6 6. Ngf3 Bd6 7. O-O Nge7 8. dxc5 Bxc5 9. Nb3 Bd6 10. Bg5 O-O 11. Re1 Bg4 12. h3 Bh5 1/2-1/2

[Event "Silver Lake Open-A 2019"]
[Site "Veliko Gradiste"]
[Date "2019.06.18"]
[Round "4.8"]
[White "Abramovic, Bosko"]
[Black "Dudukovic, Nikola"]
[Result "1-0"]
[WhiteElo "2353"]
[BlackElo "2397"]
[Annotator "NA"]
[PlyCount "78"]
[EventDate "2019.06.16"]
[EventType "swiss"]
[EventCountry "SRB"]
[SourceTitle "playchess.com"]
[Source "ChessBase"]
[SourceQuality "1"]
[TimeControl "40/5400+30:900+30"]

1. Nf3 {[%emt 0:00:00]} Nf6 {[%emt 0:00:00]} 2. g3 {[%emt 0:01:22]} g6 {[%emt 0:00:29]} 3. Bg2 {[%emt 0:00:07]} Bg7 {[%emt 0:00:06]} 4. O-O {[%emt 0:00:30]} O-O {[%emt 0:00:05]} 5. d4 {[%emt 0:01:12]} d5 {[%emt 0:00:16]} 6. Nbd2 {[%emt 0:02:24]} c6 {[%emt 0:03:46]} 7. c3 {[%emt 0:02:30]} Bf5 {[%emt 0:03:50]} 8. Nh4 {[%emt 0:03:36]} Be6 {[%emt 0:07:49]} 9. Nhf3 {[%emt 0:09:36]} h6 {[%emt 0:11:51]} 10. Re1 {[%emt 0:03:02]} Nbd7 {[%emt 0:01:40]} 11. e4 {[%emt 0:01:33]} dxe4 {[%emt 0:01:28]} 12. Nxe4 {[%emt 0:00:08]} Nxe4 {[%emt 0:00:34]} 13. Rxe4 {[%emt 0:00:07]} Bf5 {[%emt 0:06:28]} 14. Re1 {[%emt 0:00:14]} Nf6 {[%emt 0:01:01]} 15. Qb3 {[%emt 0:06:47]} Qd7 {[%emt 0:02:23]} 16. Ne5 {[%emt 0:05:40]} Qc8 {[%emt 0:00:32]} 17. c4 {[%emt 0:00:46]} Nd7 {[%emt 0:02:38]} 18. Nf3 {[%emt 0:05:48]} e6 {[%emt 0:07:06]} 19. Be3 {[%emt 0:03:00]} g5 {[%emt 0:11:35]} 20. h4 {[%emt 0:03:53]} g4 {[%emt 0:04:59]} 21. Nd2 {[%emt 0:00:10]} Rd8 {[%emt 0:07:09]} 22. Ne4 {[%emt 0:05:50]} Nf8 {[%emt 0:07:46]} 23. Rad1 {[%emt 0:03:14]} Qc7 {[%emt 0:00:45]} 24. Nc5 {[%emt 0:05:02]} b6 {[%emt 0:04:37]} 25. Na6 {[%emt 0:00:56]} Qd7 {[%emt 0:00:13]} 26. c5 {[%emt 0:11:11]} b5 {[%emt 0:04:42]} 27. a4 {[%emt 0:01:07]} Rac8 {[%emt 0:02:02]} 28. axb5 {[%emt 0:05:45]} cxb5 {[%emt 0:00:05]} 29. Rd2 {[%emt 0:00:16]} Ng6 {[%emt 0:00:22]} 30. Ra1 {[%emt 0:00:41]} Ne7 {[%emt 0:02:51]} 31. Nb4 {[%emt 0:00:04]} Rc7 {[%emt 0:03:06]} 32. Ra6 {[%emt 0:00:41]} Qc8 {[%emt 0:01:28]} 33. Qa2 {[%emt 0:03:27]} e5 {[%emt 0:00:17]} 34. dxe5 {[%emt 0:00:35]} Rxd2 {[%emt 0:00:49]} 35. Bxd2 {[%emt 0:00:08]} Be6 {[%emt 0:00:02]} 36. Qa5 {[%emt 0:00:32]} Qd7 {[%emt 0:00:57]} 37. Rd6 {[%emt 0:02:52]} Qc8 {[%emt 0:00:19]} 38. Bf4 {[%emt 0:00:45]} Nf5 {[%emt 0:01:40]} 39. Na6 {[%emt 0:02:17]} Nxd6 {[%emt 0:01:44]} 1-0

[Event "Silver Lake Open-A 2019"]
[Site "Veliko Gradiste"]
[Date "2019.06.18"]
[Round "4.9"]
[White "Rabrenovic, Vladan"]
[Black "Damljanovic, Branko"]
[Result "1/2-1/2"]
[WhiteElo "2332"]
[BlackElo "2468"]
[Annotator "ChessBase"]
[PlyCount "27"]
[EventDate "2019.06.16"]
[EventType "swiss"]
[EventCountry "SRB"]
[SourceTitle "playchess.com"]
[Source "ChessBase"]
[SourceQuality "1"]
[TimeControl "40/5400+30:900+30"]

1. d4 {[%emt 0:00:00]} Nf6 {[%emt 0:00:00]} 2. c4 {[%emt 0:00:17]} g6 {[%emt 0:00:00]} 3. Nc3 {[%emt 0:00:10]} Bg7 {[%emt 0:00:00]} 4. e4 {[%emt 0:00:05]} d6 {[%emt 0:00:00]} 5. Bd3 {[%emt 0:00:11]} Nc6 {[%emt 0:00:08]} 6. Nge2 {[%emt 0:00:27]} O-O {[%emt 0:00:03]} 7. O-O {[%emt 0:00:41]} e5 {[%emt 0:00:07]} 8. d5 {[%emt 0:00:06]} Nd4 {[%emt 0:00:06]} 9. Bc2 {[%emt 0:00:05]} Nxc2 {[%emt 0:00:08]} 10. Qxc2 {[%emt 0:00:05]} Nh5 {[%emt 0:00:04]} 11. Be3 {[%emt 0:04:53]} f5 {[%emt 0:00:37]} 12. exf5 {[%emt 0:01:26]} gxf5 {[%emt 0:00:05]} 13. f4 {[%emt 0:00:06]} Bd7 {[%emt 0:00:30]} 14. Qd2 {[%emt 0:13:14]} 1/2-1/2